000 00556nam a22002057a 4500
003 BD-DhSAU
005 20230907150217.0
008 230621b2017 ii ad||| |||| 00| 0 eng d
020 _a9789383285525
040 _aBD-DhSAU
082 _222
_a581.2 W549
100 _aWezelman, T.
245 _aDiseases of vegetables and their control/
_cT. Wezelman
260 _aNew Delhi:
_bAgri Horti Press.
_c2017
300 _aviii, 419 p. :
_bills. ;
_c22 cm
500 _aIncludes index.
590 _aroy
650 _aVegetable
_xDisease
942 _2ddc
_cBOOK
999 _c17002
_d17001